00896nam a2200241 a 450000100060000000300080000600500170001400800410003103500190007204000270009104100080011808200180012624501690014426000330031330000210034650400270036765000310039470000280042570000280045394200120048199900170049395201440051035779BD-RjUL20211209052358.0140609s1960 nyu b 000 0 eng d a(BD-RjUL)35874 aANLbengcANLdBD-RjUL aeng04a320bREI 196010aReinhold Niebuhr on politics :bhis political philosophy and its application to our age as expressed in his writings /cEdited by Harry R. Davis and Robert C. Good. aNew York :bScribner,c1960. a364 p. ;c24 cm. aIncludes bibliography. 0aPolitical science.91089851 aGood, Robert C.91089861 aDavis, Harry R.9108987 2ddccBK c35779d35779 00102ddc40718NFICaRUCLbRUCLcReadingd1964-12-31eMirza book agencyg32.50l0o320 REI 1960r2014-06-09 00:00:00tC-1w2014-06-09yBK